000 01070nas a2200349 4500
001 BR0502092
003 BR-BrBNA
005 20231205105252.0
007 ta
008 230509b bl.|||p| |||| 00| 00por d
040 _aBR-BrBNA
_bpor
_cBiblioteca Nacional de Agricultura
041 _a(Pt)
072 _aF61; U10
100 1 _aCorrêa, P.C.
100 1 _aMota, W.F. da
100 1 _aFinger, F.L.
100 1 _aCecon, P.R.
100 1 _aSilva, D.J.H. da
100 1 _aMizobusti, G.P.
245 1 _aEstimativa de modelos lineares para determinação da área superficial de frutos de três cultivares de quiabo
650 _aQUIABO
650 _aABELMOSCHUS ESCULENTUS
650 _aÁREA FOLIAR
650 _aVARIEDADE
650 _aÉPOCA DE COLHEITA
650 _aMÉTODO ESTATÍSTICO
650 _aMODELO MATEMÁTICO
650 _aMINAS GERAIS
773 0 _tRevista Brasileira de Armazenamento (Brazil)
_xISSN 0100-3518
_g(Jul-Dec 2004), v. 29(2) p. 114-117
_wBR0502092
909 _a202311
_bLúcia
_c55
_dLúcia Elande
942 _2AGRIS
_n0
_cANA
999 _c182105
_d182105